| 000 | 00991nam a2200361 a 4500 | ||
|---|---|---|---|
| 003 | AR-BaBNM | ||
| 005 | 20251128203933.0 | ||
| 008 | 082120s2002 ||||||||||||||000 | spa|| | ||
| 020 | _a84-7046-163-1 | ||
| 040 | _cAR-BaBNM | ||
| 100 | 1 | _aMarcos Marín, Francisco | |
| 245 | 0 | 0 |
_aLiteratura castellana medieval _bde las jarchas a Alfonso X |
| 260 |
_aBogotá _bCincel-Kapelusz _c1992 |
||
| 300 | _a100 p. | ||
| 490 | 0 | _aCuadernos de estudio. Literatura | |
| 500 | _aContiene índice de las materias | ||
| 504 | _aBibliografía | ||
| 600 | 0 | 4 | _aAlfonso |
| 600 | 1 | 4 | _aBerceo, Gonzalo de |
| 650 | 4 | _aLITERATURA MEDIEVAL | |
| 650 | 4 | _aLITERATURA ESPAÑOLA | |
| 650 | 4 | _aCULTURA | |
| 650 | 4 | _aHUMANIDADES | |
| 653 | _aLIRICA | ||
| 653 | _aMESTER DE CLERECIA | ||
| 653 | _aMESTER DE JUGLARIA | ||
| 653 | _aPOESIA EPICA | ||
| 655 | _aLITERATURA | ||
| 800 | 1 |
_aMarín, F. Marcos _ecoordinador |
|
| 800 | 1 |
_aBasanta, Angel _ecoordinador |
|
| 942 | _cBK | ||
| 998 | _cCarmen | ||
| 999 |
_c5540 _d5540 |
||